Catálogo
 En Linea

Eugéne Boudin : (Registro nro. 38424)

Detalles MARC
000 -CABECERA
campo de control de longitud fija 00497nam a2200145 a 4500
001 - NÚMERO DE CONTROL
campo de control 000038934
005 - FECHA Y HORA DE LA ÚLTIMA TRANSACCIÓN
campo de control 20201002031428.0
008 - DATOS DE LONGITUD FIJA--INFORMACIÓN GENERAL
campo de control de longitud fija 130507s1998 ck a 000 0 spa d
020 ## - NÚMERO INTERNACIONAL ESTÁNDAR DEL LIBRO
Número Internacional Estándar del Libro 9589621341
040 ## - FUENTE DE LA CATALOGACIÓN
Centro catalogador/agencia de origen DO-SdBNP
Lengua de catalogación spa
Centro/agencia transcriptor BNPHU
245 00 - MENCIÓN DE TÍTULO
Título Eugéne Boudin :
Resto del título Ante sala del impresionismo /
Mención de responsabilidad, etc. presentación Elvira Cuervo de Jaramillo.
260 ## - PUBLICACIÓN, DISTRIBUCIÓN, ETC.
Lugar de publicación, distribución, etc. Bogotá,Colombia :
Nombre del editor, distribuidor, etc. Museo Nacional de Colombia,
Fecha de publicación, distribución, etc. 1998.
300 ## - DESCRIPCIÓN FÍSICA
Extensión 86 p. :
Otras características físicas il. ;
Dimensiones 30 cm.
700 1# - PUNTO DE ACCESO ADICIONAL--NOMBRE DE PERSONA
Nombre de persona Cuervo de Jaramillo, Elvira,
Término indicativo de función/relación pr.
9 (RLIN) 65201
Existencias
Estado de retiro Estado de pérdida Restricciones de uso No para préstamo Código de colección Localización permanente Ubicación/localización actual Ubicación en estantería Fecha de adquisición Número de inventario Total de préstamos Signatura topográfica completa Código de barras Fecha visto por última vez Precio válido a partir de Tipo de ítem Koha
      Excluido de préstamo Monografías: Libros y Folletos Patrimonio Dominicano Patrimonio Dominicano Depósito 07.05.2013 LF1   38934-10 25.06.2020 25.06.2020 No se presta

Con tecnología Koha